000 00239nam a2200097 4500
245 _aHerman Melville
_cby P.S. Sastri
100 _aSastri, P.S.
260 _aBombay
_bTata McGraw-Hill
_cc1972
300 _a99p. ; 22cm.
082 _a913.3
_b MEL/SAS
999 _c1722
_d1722